Your money map : (Record no. 3668)

MARC details
000 -LEADER
fixed length control field 02170cam a2200337 a 4500
001 - CONTROL NUMBER
control field 14536236
003 - CONTROL NUMBER IDENTIFIER
control field AUA.1
005 - DATE AND TIME OF LATEST TRANSACTION
control field 20160209130355.0
008 - FIXED-LENGTH DATA ELEMENTS--GENERAL INFORMATION
fixed length control field 060906s2006 ilua b 000 0 eng
010 ## - LIBRARY OF CONGRESS CONTROL NUMBER
LC control number 2006029582
020 ## - INTERNATIONAL STANDARD BOOK NUMBER
International Standard Book Number 0802468691
020 ## - INTERNATIONAL STANDARD BOOK NUMBER
International Standard Book Number 9780802468697
035 ## - SYSTEM CONTROL NUMBER
System control number (OCoLC)ocm71329833
040 ## - CATALOGING SOURCE
Original cataloging agency DLC
Transcribing agency DLC
Modifying agency IG#
-- BAKER
-- VPL
-- BUR
-- DLC
050 00 - LIBRARY OF CONGRESS CALL NUMBER
Classification number HG179
Item number .D373 2006
082 00 - DEWEY DECIMAL CLASSIFICATION NUMBER
Classification number 332.024/01
Edition number 22
100 1# - MAIN ENTRY--PERSONAL NAME
Personal name Dayton, Howard Lape,
Dates associated with a name 1943-
9 (RLIN) 13168
245 10 - TITLE STATEMENT
Title Your money map :
Remainder of title a proven 7-step guide to true financial freedom /
Statement of responsibility, etc Howard Dayton.
260 ## - PUBLICATION, DISTRIBUTION, ETC. (IMPRINT)
Place of publication, distribution, etc Chicago :
Name of publisher, distributor, etc Moody Publishers,
Date of publication, distribution, etc c2006.
300 ## - PHYSICAL DESCRIPTION
Extent 252 p. :
Other physical details ill. ;
Dimensions 24 cm.
504 ## - BIBLIOGRAPHY, ETC. NOTE
Bibliography, etc Includes bibliographical references.
505 0# - FORMATTED CONTENTS NOTE
Formatted contents note The challenge -- The solution -- Your money map -- Who's the real owner? -- We are managers -- Giving -- Honesty -- It's time to party! -- What on earth am I here for? -- Making the most out of your job -- Destination 1 : saving for emergencies -- Destination 1 : your spending plan --Destination 2 : credit cards paid off -- Destination 3 : consumer debt paid off -- Destination 4 : saving for major purchases -- Saving to start your own business -- Destination 5 : your home and paying it off -- Destination 5 : investing -- Destination 6 : planning your estate -- This is a family trip! -- Eternity is forever -- Destination 7 : true financial freedom.
650 #0 - SUBJECT ADDED ENTRY--TOPICAL TERM
Topical term or geographic name as entry element Finance, Personal
General subdivision Religious aspects
-- Christianity.
9 (RLIN) 13169
650 #0 - SUBJECT ADDED ENTRY--TOPICAL TERM
Topical term or geographic name as entry element Finance, Personal
General subdivision Biblical teaching.
9 (RLIN) 13170
856 41 - ELECTRONIC LOCATION AND ACCESS
Materials specified Table of contents only
Uniform Resource Identifier http://www.loc.gov/catdir/toc/ecip0620/2006029582.html
856 42 - ELECTRONIC LOCATION AND ACCESS
Materials specified Contributor biographical information
Uniform Resource Identifier http://www.loc.gov/catdir/enhancements/fy0711/2006029582-b.html
906 ## - LOCAL DATA ELEMENT F, LDF (RLIN)
a 7
b cbc
c orignew
d 1
e ecip
f 20
g y-gencatlg
942 ## - ADDED ENTRY ELEMENTS (KOHA)
Source of classification or shelving scheme Library of Congress Classification
Koha item type Books
Classification part HG 179
Item part .D373 2006
Holdings
Withdrawn status Lost status Source of classification or shelving scheme Damaged status Not for loan Collection code Home library Current library Shelving location Date acquired Source of acquisition Cost, normal purchase price Serial Enumeration / chronology Total Checkouts Full call number Barcode Date last seen Date checked out Cost, replacement price Price effective from Koha item type
    Library of Congress Classification     Books Judith Thomas Library Judith Thomas Library General Stacks 14/11/2011 Bought by JTL 15.99 AUA004043 5 HG 179 .D373 2006 AUA004043 11/06/2019 10/06/2019 15.99 14/11/2011 Books